Política neoliberal, desempleo y psicología social /

Na minha lista:
Detalhes bibliográficos
Autor principal: Rueda Peiro, Isabel
Formato: Texto
Assuntos:
Tags: Adicionar Tag
Sem tags, seja o primeiro a adicionar uma tag!

MARC

LEADER 00000 a a2200000 04500
001 45908
003
040
100 |a Rueda Peiro, Isabel  
245 |a Política neoliberal, desempleo y psicología social /  |c Isabel Rueda Peiro  
650 |a NEOLIBERALISMO  
650 |a DESEMPLEO  
650 |a PSICOLOGIA SOCIAL  
773 |g número75 (1994), páginas 22-26  
999 |c 36471  |d 36471